<?xml version="1.0" encoding="UTF-8"?><?xml-stylesheet type="text/xsl" href="static/style.xsl"?><OAI-PMH xmlns="http://www.openarchives.org/OAI/2.0/" xmlns:xsi="http://www.w3.org/2001/XMLSchema-instance" xsi:schemaLocation="http://www.openarchives.org/OAI/2.0/ http://www.openarchives.org/OAI/2.0/OAI-PMH.xsd"><responseDate>2026-06-01T19:06:58Z</responseDate><request verb="GetRecord" identifier="oai:riubu.ubu.es:10259/4641" metadataPrefix="marc">https://riubu.ubu.es/oai/request</request><GetRecord><record><header><identifier>oai:riubu.ubu.es:10259/4641</identifier><datestamp>2022-04-26T11:42:12Z</datestamp><setSpec>com_10259_2699</setSpec><setSpec>col_10259_2705</setSpec></header><metadata><record xmlns="http://www.loc.gov/MARC21/slim" xmlns:doc="http://www.lyncode.com/xoai" xmlns:xsi="http://www.w3.org/2001/XMLSchema-instance" xmlns:dcterms="http://purl.org/dc/terms/" xsi:schemaLocation="http://www.loc.gov/MARC21/slim http://www.loc.gov/standards/marcxml/schema/MARC21slim.xsd">
<leader>00925njm 22002777a 4500</leader>
<datafield tag="042" ind1=" " ind2=" ">
<subfield code="a">dc</subfield>
</datafield>
<datafield tag="720" ind1=" " ind2=" ">
<subfield code="a">Lecanda Esteban, José Angel</subfield>
<subfield code="e">author</subfield>
</datafield>
<datafield tag="260" ind1=" " ind2=" ">
<subfield code="c">2016</subfield>
</datafield>
<datafield tag="520" ind1=" " ind2=" ">
<subfield code="a">Esta investigación centra su atención en el proceso de transición que supone la transformación de las estructuras sociales impuestas por el Imperio Romano hasta alcanzar a definir a una nueva formación social, la feudal, característica y propia de la Edad Media. El proceso, aunque tiene una dinámica que arranca más pronto, tiene su inicio efectivo en el siglo  V d.n.e., cuando el Imperio Romano termina por desaparecer como  realidad jurídico-política. Sin embargo, la instauración de los nuevos reinos germánicos no constituyó el final de un modo de vida forjado durante siglos por él. &#xd;
&#xd;
	Determinar cuándo, cómo y por qué se produce la ruptura definitivita de ese sistema social, y definir las características estructurales de la nueva organización social que la sustituye a partir del siglo X d.n.e. constituye el tema de esta investigación, inserta en el debate historiográfico sobre la mutación feudal y la caracterización del feudalismo en Castilla.</subfield>
</datafield>
<datafield tag="520" ind1=" " ind2=" ">
<subfield code="a">This research is focused on the process of transition between the social structures imposed by the Roman Empire until reaching a new social formation: the feudal. These are characteristics of the Middle Ages. This process, although it has an earlier dynamic, it actually starts in the 5th century, just when the Roman Empire disappeared as a political reality. Nevertheless, the creation of the new Germanic kingdoms did not end this Roman way of living, which had been imposed for centuries.  &#xd;
&#xd;
This paper deals with the issues of when, how and why the final breaking of this social organization arrives, and explains the structural characters of this new social organization, which changed those previous to the 10th century. So, the work is inserted in the discussion of the feudal revolution within the definition of the feudal system in Castille.</subfield>
</datafield>
<datafield tag="024" ind2=" " ind1="8">
<subfield code="a">http://hdl.handle.net/10259/4641</subfield>
</datafield>
<datafield tag="024" ind2=" " ind1="8">
<subfield code="a">10.36443/10259/4641</subfield>
</datafield>
<datafield ind1=" " ind2=" " tag="653">
<subfield code="a">Tardoantigüedad</subfield>
</datafield>
<datafield ind1=" " ind2=" " tag="653">
<subfield code="a">Alta Edad Media</subfield>
</datafield>
<datafield ind1=" " ind2=" " tag="653">
<subfield code="a">Feudalismo</subfield>
</datafield>
<datafield ind1=" " ind2=" " tag="653">
<subfield code="a">Castilla</subfield>
</datafield>
<datafield ind1=" " ind2=" " tag="653">
<subfield code="a">Desfiladero de la Horadada</subfield>
</datafield>
<datafield ind1=" " ind2=" " tag="653">
<subfield code="a">Late Antiquity</subfield>
</datafield>
<datafield ind1=" " ind2=" " tag="653">
<subfield code="a">High Middle Ages</subfield>
</datafield>
<datafield ind1=" " ind2=" " tag="653">
<subfield code="a">Feudalism</subfield>
</datafield>
<datafield ind1=" " ind2=" " tag="653">
<subfield code="a">Gorge of La Horadada</subfield>
</datafield>
<datafield tag="245" ind1="0" ind2="0">
<subfield code="a">Estudio arqueológico del Desfiladero de La Horadada: la transición entre la tardorromanidad y la Alta Edad Media (ss.V-X d.n.e.)</subfield>
</datafield>
</record></metadata></record></GetRecord></OAI-PMH>